000 00740nam a2200217 i 4500
001 92281
003 ES-MaACL
005 20230906180932.0
007 t|
008 050224s1971 sp ||||1| spa d
245 0 0 _aLibro de oración para la vida en grupo, para la vida cotidiana /
_cMaertens, de Bilde, Berthier ; [traducción de Felipe Martín].
260 _aMadrid :
_bMarova,
_c[1971]
300 _a248 p. ;
_c21 cm.
490 1 _aChristus Pastor, experiencias y estudios pastorales
650 0 0 _aOraciones.
_915730
700 1 _aMaertens, Thierry.
_9184379
700 1 _aMartín, Felipe.
_977298
830 1 _aChristus Pastor, experiencias y estudios pastorales
_9220288
852 _aES-MaACL
_jC-51150
999 _c92281
_d92281